[Event "VIE-ch U20"]
[Site "Hanoi"]
[Date "2022.06.15"]
[Round "6"]
[White "Luu, Huong Cuong Thinh"]
[Black "Nguyen, Khac Truong"]
[Result "1-0"]
[WhiteElo "2256"]
[BlackElo "2253"]
[PlyCount "89"]
[EventDate "2022.06.11"]
[EventType "swiss"]
[EventRounds "9"]
[EventCountry "VIE"]
[SourceTitle "EXT 2023"]
[Source "ChessBase"]
[SourceDate "2022.10.05"]
[SourceVersion "1"]
[SourceVersionDate "2022.10.05"]
[SourceQuality "1"]

1. d4 Nf6 2. Nf3 d5 3. Bf4 e6 4. e3 c5 5. c3 Nc6 6. Bd3 Bd6 7. Bg3 h6 8. Nbd2 0-0 9. 0-0 Bxg3 10. hxg3 b6 11. Re1 Bb7 12. Qe2 Re8 13. Rad1 e5 14. dxe5 Nxe5 15. Nxe5 Rxe5 16. e4 Qc7 17. f4 Re7 18. e5 c4 19. Bf5 Bc8 20. Bh3 Nd7 21. Bxd7 Bxd7 22. Nf3 Be6 23. Nd4 Qd7 24. Qf2 g6 25. Rd2 Rd8 26. Nc2 Bf5 27. Nb4 Qb7 28. Qd4 Red7 29. Nc2 Bxc2 30. Rxc2 Qc6 31. g4 Qe6 32. f5 Qc6 33. e6 fxe6 34. Rxe6 Rd6 35. Qf6 Rxe6 36. fxe6 Qc5+ 37. Rf2 Rf8 38. Qxg6+ Kh8 39. Qxh6+ Kg8 40. Qxf8+ Qxf8 41. Rxf8+ Kxf8 42. Kf2 Ke7 43. Ke3 a5 44. a4 Kxe6 45. Kd4 1-0

[Event "VIE-ch U20"]
[Site "Hanoi"]
[Date "2022.06.14"]
[Round "5"]
[White "Nguyen, Khac Truong"]
[Black "Ho, Thanh Hung"]
[Result "1-0"]
[WhiteElo "2253"]
[BlackElo "2268"]
[PlyCount "75"]
[EventDate "2022.06.11"]
[EventType "swiss"]
[EventRounds "9"]
[EventCountry "VIE"]
[SourceTitle "EXT 2023"]
[Source "ChessBase"]
[SourceDate "2022.10.05"]
[SourceVersion "1"]
[SourceVersionDate "2022.10.05"]
[SourceQuality "1"]

1. d4 Nf6 2. Nf3 d5 3. Bf4 Bg4 4. e3 e6 5. c3 Bd6 6. Bxd6 Qxd6 7. Qb3 b6 8. Ne5 0-0 9. Nxg4 Nxg4 10. h3 Nf6 11. Nd2 Nbd7 12. Be2 c5 13. Rc1 cxd4 14. cxd4 Rac8 15. 0-0 Rc7 16. Nb1 Ne4 17. Bd3 Ndf6 18. f3 Rxc1 19. Rxc1 Qg3 20. Bxe4 dxe4 21. Nd2 exf3 22. Nxf3 Nd5 23. a3 f5 24. Rc2 Kh8 25. Re2 g5 26. Qd3 g4 27. hxg4 fxg4 28. Ne5 Qh4 29. Qe4 Nf6 30. Qf4 Nd7 31. Qxg4 Qxg4 32. Nxg4 Kg7 33. Rc2 Rf7 34. Nf2 Nf6 35. Rc6 Re7 36. Nd3 Ng4 37. e4 Rd7 38. Nf4 1-0

[Event "VIE-ch U20"]
[Site "Hanoi"]
[Date "2022.06.13"]
[Round "4"]
[White "Pham, Quang Hung1111"]
[Black "Nguyen, Khac Truong"]
[Result "1-0"]
[WhiteElo "2272"]
[BlackElo "2253"]
[PlyCount "106"]
[EventDate "2022.06.11"]
[EventType "swiss"]
[EventRounds "9"]
[EventCountry "VIE"]
[SourceTitle "EXT 2023"]
[Source "ChessBase"]
[SourceDate "2022.10.05"]
[SourceVersion "1"]
[SourceVersionDate "2022.10.05"]
[SourceQuality "1"]

1. d4 Nf6 2. Nf3 d5 3. g3 c6 4. Bg2 g6 5. Nbd2 Bg7 6. c4 0-0 7. 0-0 b6 8. b3 Bb7 9. Bb2 Nbd7 10. Re1 Rc8 11. Rc1 e6 12. b4 Ne4 13. Qb3 Nxd2 14. Nxd2 Nf6 15. c5 Nd7 16. e4 b5 17. e5 a5 18. a3 a4 19. Qe3 Re8 20. Nf3 Nf8 21. Rc2 Rc7 22. Bc1 Bc8 23. Qd3 h6 24. h4 Kh8 25. Nh2 f5 26. exf6 Qxf6 27. Bf4 Rf7 28. Rd2 Qf5 29. Qe3 Kh7 30. Bf3 h5 31. Bd1 Nd7 32. Bc2 Qh3 33. Qe2 Nf6 34. Nf3 Ne4 35. Bxe4 Bf6 36. Bc2 Qg4 37. Ng5+ Bxg5 38. Qxg4 hxg4 39. hxg5 e5 40. Bxe5 Bf5 41. Kg2 Kg8 42. Bxf5 Rxf5 43. Rde2 Rf3 44. Re3 Rxe3 45. Rxe3 Kf7 46. f3 Ke6 47. fxg4 Kd7 48. Rf3 Re6 49. Rf6 Ke7 50. Rxe6+ Kxe6 51. Kf3 Ke7 52. Kf4 Kf7 53. Bh8 Ke6 1-0